00247nam a22000977a 4500082001600000100002200016245005600038260003300094300000900127650001300136 a546.673 MOD aModern Methods... aModern methods for the analysis of Aluminium Alloys aLondonbChapman & Hallc1949 a144p aaluminum